Score 0/7 Timer 03:00
0 Plays Today
Question Answer Wrong Answers
This millionaire aviator sets a new transcontinental air record in his H-1 Racer.
1937
Howard Hughes
84.6%
Louis Blériot
2.5%
Chuck Yeager
9.6%
Charles Kingsford Smith
2.8%
This Beatles song is played for jurors during the trial of Charles Manson, after he claimed it contained a coded prophecy that influenced his actions.
1971
Helter Skelter
83.4%
Back in the U.S.S.R.
8.4%
Revolution 9
6.6%
Savoy Truffle
0.8%
Ronald Reagan pardons this owner of the New York Yankees for his illegal contributions to Richard Nixon's re-election campaign.
1989
George Steinbrenner
80.3%
Jerry Jones
4.4%
Stan Kroenke
8.6%
Walter Haas
5.5%
This Scottish inventor, for whom the SI unit of power is named, is born in Greenock, Renfrewshire.
1736
James Watt
76.6%
Blaise Pascal
3.9%
Georg Ohm
12.3%
Heinrich Hertz
7.1%
This science fiction film, starring Jake Gyllenhaal & Jena Malone, premieres at the Sundance Film Festival.
2001
Donnie Darko
66.2%
Looper
8.3%
Primer
2.7%
The Butterfly Effect
20.9%
The NHL approves the move of the Winnipeg Jets, who would become this team.
1996
Phoenix Coyotes
45.7%
Florida Panthers
23.5%
Hartford Whalers
15.9%
Vegas Golden Knights
13.4%
A controversial call of a Tom Brady non-fumble leads to the playoff game between the Patriots and Raiders being known as the '_____ _____ Game'.
2002
Tuck Rule
40.8%
Butt Fumble
38.6%
Fradulent Victory
11.7%
January Nightmare
6.9%
Remove Ads.
Support Sporcle.
Get the best of Sporcle when you Go Orange. This ad-free experience offers more features, more stats, and more fun while also helping to support Sporcle. Thank you for becoming a member.

You're not logged in!

Compare scores with friends on all Sporcle quizzes.
OR
Log In

Sporcle TV

Today on Sporcle TV


Watch our educational content, quiz creation guides, and fun videos on Sporcle TV.

Show Comments

Extras

Top Quizzes Today


Score Distribution

Paid Content

Your Account Isn't Verified!

In order to create a playlist on Sporcle, you need to verify the email address you used during registration. Go to your Sporcle Settings to finish the process.

Report this User

Report this user for behavior that violates our Community Guidelines.

Details: